| 000 | 01005pam a2200289 a 4500 | ||
|---|---|---|---|
| 001 | 3090248 | ||
| 003 | US-DLC | ||
| 005 | 20171214033516.0 | ||
| 008 | 980924s1999 nyua b 001 0 eng | ||
| 010 | _a 98044677 | ||
| 020 | _a0827386354 | ||
| 040 |
_aDLC _cDLC _dDLC |
||
| 050 | 0 | 0 |
_a51 _b.C463 1999 |
| 082 | 0 | 0 |
_a372.7044 _221 |
| 100 | 1 | _aCharlesworth, Rosalind. | |
| 245 | 1 | 0 |
_aMath and science for young children / _cRosalind Charlesworth, Karen K. Lind. |
| 250 | _a3rd ed. | ||
| 260 |
_aAlbany, NY : _bDelmar Publishers, _cc1999. |
||
| 300 |
_aviii, 581 p. : _bill. (some col) ; _c24 cm. |
||
| 504 | _aIncludes bibliographical references (p. 547-560) and index. | ||
| 650 | 0 |
_aMathematics _xStudy and teaching (Primary) |
|
| 650 | 0 |
_aScience _xStudy and teaching (Primary) |
|
| 700 | 1 | _aLind, Karen. | |
| 906 |
_a7 _bcbc _corignew _d1 _eocip _f19 _gy-gencatlg |
||
| 942 |
_2ddc _cBK |
||
| 999 |
_c38887 _d38887 |
||